00462nam a2200181 a 4500001001300000003000900013005001700022008004100039020001000080082001700090100002500107245002800132260003700160300001000197500003500207505001500242650002300257nice12345678IN_TiNIC20260116012746.0050524s1973 rama grp 000 0 urd  ac5.500a297.122bMAW aMawdoodi, S Abul Ala aKitab Fazail-Ul-Qur`an. aRampurbMaktaba Al-Hasnaatc1973 a168p. aincludes index and biblioraphy2 aBib, Index aQuran-Appreciation